Latvia... or Lithuania? - Statistics

General Stats
  • This quiz has been taken 2,681 times
    2,097 since last reset
  • The average score is 10 of 15
Answer Stats
Question Answer % Correct
Used to be part of the Soviet Union Both
95%
Uses euro as its currency Both
91%
Has the larger area of the two Lithuania
83%
Has more shoreline out of the two Latvia
77%
Is called Lietuva in its own language Lithuania
74%
Is the wealthier of the two Lithuania
72%
Has the highest average height for women in the whole world Latvia
68%
Only has one official language Both
64%
The stork is its national bird Lithuania
62%
Is over 75% Christian Both
58%
Over 50% of its population speaks Russian as of 2006 Latvia
58%
Claims to be the creator of the Christmas tree Latvia
56%
Its capital city holds over 25% of its whole population Latvia
51%
*Borders four other countries Both
26%
Declared its independence in 1991 Latvia
26%
No matching quizzes found
Score Distribution
Percent of People with Each Score
Percentile by Number Answered
Your Score History
You have not taken this quiz since the last reset